|
|
|
|
| LEADER |
00746nab a2200205 i 4500 |
| 001 |
publ23275 |
| 005 |
20220125093823.0 |
| 008 |
220125s2021 hu o 0|| Magyar d |
| 022 |
|
|
|a 2061-5132
|
| 024 |
7 |
|
|a 10.29116/gerundium/2021/3-4/13
|2 doi
|
| 024 |
7 |
|
|a 32595858
|2 mtmt
|
| 040 |
|
|
|a SZTE Publicatio Repozitórium
|b hun
|
| 041 |
|
|
|a Magyar
|
| 100 |
1 |
|
|a Hegyi Ádám Alex
|
| 245 |
1 |
0 |
|a Reformed College of Sárospatak (Áron Kovács, Éva Kusnyír)
|h [elektronikus dokumentum] /
|c Hegyi Ádám Alex
|
| 260 |
|
|
|c 2021
|
| 300 |
|
|
|a 136-138
|
| 490 |
0 |
|
|a GERUNDIUM: EGYETEMTÖRTÉNETI KÖZLEMÉNYEK
|v 12 No. 3-4
|
| 650 |
|
4 |
|a Történettudomány és régészet
|
| 856 |
4 |
0 |
|u http://publicatio.bibl.u-szeged.hu/23275/1/Gerundium-klny.pdf
|z Dokumentum-elérés
|